| 000 | 00672nam a2200241 i 4500 | ||
|---|---|---|---|
| 001 | 12998 | ||
| 003 | ES-MaACL | ||
| 005 | 20250814054347.0 | ||
| 007 | t| | ||
| 008 | 961202s1996 sp ||||0| spa j | ||
| 020 | _a84-88947-45-3 | ||
| 040 |
_aM-BN _bspa _cM-BN |
||
| 080 | _a061.236.61 | ||
| 100 |
_aOtaola, Javier, _d1956- _9235665 |
||
| 245 | 1 | 3 |
_aLa masonería hoy _b: razón y sentido / _cJavier Otaola. |
| 260 |
_aDonostia-San Sebastián : _bR&B, _cD.L. 1996. |
||
| 300 |
_a288 p. ; _c21 cm. |
||
| 490 | 1 | _aEnsayo | |
| 610 | 2 | 4 |
_aMasonería _95658 |
| 830 | 0 |
_aEnsayo _9177699 |
|
| 852 |
_aES-MaACL _jL-20310 _bR.126066 |
||
| 999 |
_c12998 _d12998 |
||